[Event "POL-ch U20 Girls"]
[Site "Jarnoltowek"]
[Date "2003.04.11"]
[Round "7"]
[White "Majdan, Joanna"]
[Black "Reszka, Malgorzata"]
[Result "1-0"]
[WhiteElo "2170"]
[BlackElo "2133"]
[PlyCount "37"]
[EventDate "2003.04.07"]
[EventType "tourn"]
[EventRounds "11"]
[EventCountry "POL"]
[SourceTitle "CBM 093 Extra"]
[Source "ChessBase"]
[SourceDate "2003.05.09"]
[SourceVersion "1"]
[SourceVersionDate "2003.05.09"]
[SourceQuality "1"]

1. e4 c6 2. Nc3 d5 3. Nf3 Bg4 4. h3 Bxf3 5. Qxf3 e6 6. d4 Nf6 7. e5 Nfd7 8. Bf4 c5 9. dxc5 Nc6 10. Bb5 Nxc5 11. 0-0 g6 12. Rad1 Bg7 13. Qe3 Qb6 14. Rxd5 exd5 15. Nxd5 Qa5 16. Qxc5 0-0-0 17. Ne7+ Kb8 18. Nxc6+ bxc6 19. e6+ 1-0

[Event "POL-ch U20 Girls"]
[Site "Jarnoltowek"]
[Date "2003.04.10"]
[Round "5"]
[White "Reszka, Malgorzata"]
[Black "Zawadzka, Jolanta"]
[Result "0-1"]
[WhiteElo "2133"]
[BlackElo "2296"]
[PlyCount "116"]
[EventDate "2003.04.07"]
[EventType "tourn"]
[EventRounds "11"]
[EventCountry "POL"]
[SourceTitle "CBM 093 Extra"]
[Source "ChessBase"]
[SourceDate "2003.05.09"]
[SourceVersion "1"]
[SourceVersionDate "2003.05.09"]
[SourceQuality "1"]

1. d4 Nf6 2. Nf3 g6 3. Bf4 Bg7 4. e3 d6 5. h3 0-0 6. Be2 Nfd7 7. 0-0 e5 8. Bh2 Qe7 9. c4 f5 10. Nc3 e4 11. Nd2 Nf6 12. b4 Kh8 13. Rc1 a5 14. b5 Nbd7 15. Qb3 g5 16. Rc2 b6 17. Na4 Ne8 18. Rfc1 f4 19. Nxe4 Bb7 20. Nac3 fxe3 21. fxe3 Bxe4 22. Nxe4 Qxe4 23. Bf3 Rxf3 24. gxf3 Qxf3 25. c5 bxc5 26. Rf2 Qe4 27. dxc5 Nxc5 28. Rxc5 dxc5 29. Qa3 Rd8 30. Qxc5 Rd1+ 31. Rf1 Rxf1+ 32. Kxf1 Qh1+ 33. Bg1 Qxh3+ 34. Kf2 Qh4+ 35. Kf1 Qh5 36. Qc6 Qg6 37. Qd7 Qb1+ 38. Kf2 Qxa2+ 39. Kf3 Qg8 40. Bh2 Qf8+ 41. Ke2 a4 42. Bxc7 Nxc7 43. Qxc7 a3 44. b6 a2 45. b7 a1Q 46. b8Q Qaf1+ 47. Kd2 Q1f2+ 48. Kd3 Q2f5+ 49. Kd2 Qf2+ 50. Kd3 Q2f5+ 51. Kd2 Qxb8 52. Qxb8+ Qf8 53. Qb5 g4 54. Qh5 g3 55. Qg5 Qf2+ 56. Kd3 g2 57. Qd8+ Qf8 58. Qg5 Qf1+ 0-1

[Event "EU-ch U18 Girls"]
[Site "Chalkidiki"]
[Date "2001.09.02"]
[Round "3"]
[White "Goreskul, Alyona"]
[Black "Reszka, Malgorzata"]
[Result "1-0"]
[WhiteElo "2208"]
[BlackElo "2074"]
[PlyCount "75"]
[EventDate "2001.08.31"]
[EventType "swiss"]
[EventRounds "9"]
[EventCountry "GRE"]
[SourceTitle "EXT 2002"]
[Source "ChessBase"]
[SourceDate "2001.11.25"]
[SourceVersion "1"]
[SourceVersionDate "2001.11.25"]
[SourceQuality "1"]

1. e4 c6 2. c4 d5 3. exd5 cxd5 4. cxd5 Nf6 5. Nc3 Nxd5 6. Nf3 Nc6 7. d4 e6 8. Bc4 Nb6 9. Bb3 Be7 10. 0-0 0-0 11. Be3 Bf6 12. Ne4 Be7 13. Ne5 Nd5 14. Nxc6 bxc6 15. Qf3 f5 16. Nc3 Bd6 17. Nxd5 cxd5 18. Bf4 Bxf4 19. Qxf4 g5 20. Qe5 Qf6 21. Qxf6 Rxf6 22. Rac1 Rf7 23. Rc5 a5 24. Ba4 Bd7 25. Bxd7 Rxd7 26. Re1 Kf7 27. Rc6 Re7 28. b3 Raa7 29. f3 Rab7 30. Ra6 Ra7 31. Rexe6 Rxa6 32. Rxa6 Re1+ 33. Kf2 Rd1 34. Rxa5 Rxd4 35. Ke2 Ke6 36. Ra4 Ke5 37. Rxd4 Kxd4 38. Kd2 1-0

[Event "EU-ch (Women) 2nd"]
[Site "Warsaw"]
[Date "2001.04.26"]
[Round "5"]
[White "Reszka, Malgorzata"]
[Black "Krivec, Jana"]
[Result "1/2-1/2"]
[WhiteElo "2119"]
[BlackElo "2265"]
[PlyCount "153"]
[EventDate "2001.04.22"]
[EventType "swiss"]
[EventRounds "11"]
[EventCountry "POL"]
[SourceTitle "CBM 082 Extra"]
[Source "ChessBase"]
[SourceDate "2001.07.03"]
[SourceVersion "1"]
[SourceVersionDate "2001.07.03"]
[SourceQuality "1"]

1. e4 e5 2. Nf3 Nc6 3. Bb5 a6 4. Ba4 Nf6 5. d3 d6 6. c3 Be7 7. Nbd2 b5 8. Bb3 0-0 9. Nf1 d5 10. Qe2 d4 11. Ng3 dxc3 12. bxc3 b4 13. Ba4 Qd6 14. 0-0 Bg4 15. h3 Bxf3 16. Qxf3 bxc3 17. Bxc6 Qxc6 18. Nf5 Qe6 19. Bg5 Ba3 20. Qg3 Ne8 21. Rab1 f6 22. Rb3 Bb2 23. Bc1 Qd7 24. f4 Bxc1 25. Rxc1 exf4 26. Qxf4 Qxd3 27. Rbxc3 Qd7 28. Qg4 Kh8 29. Rd1 Qe6 30. Qf3 Rb8 31. Rcd3 Qxa2 32. Rd7 Rb1 33. Rxb1 Qxb1+ 34. Kh2 Qb5 35. Re7 a5 36. Qg3 Rg8 37. Qc3 Rf8 38. Qd4 a4 39. Qd8 Rg8 40. Nd4 Qh5 41. g4 Qg6 42. Qd7 a3 43. Nf5 Nd6 44. Qa4 Nxf5 45. exf5 Qg5 46. Qxa3 Qf4+ 47. Kg2 Rd8 48. Re2 h6 49. Qe7 Qd6 50. Qxd6 cxd6 51. Kf3 Kh7 52. Re7 h5 53. Ke4 d5+ 54. Kd4 hxg4 55. hxg4 Kh6 56. Ra7 Rb8 57. Kxd5 Rb4 58. Ke6 Rxg4 59. Kf7 Rg5 60. Ke6 Kh5 61. Ra1 Rg4 62. Ra7 Kh6 63. Ra8 Re4+ 64. Kf7 Re5 65. Rh8+ Kg5 66. Rg8 Kxf5 67. Rxg7 Ra5 68. Kg8 Kf4 69. Kh7 Rg5 70. Ra7 f5 71. Kh6 Rg8 72. Ra3 Rg3 73. Ra4+ Kf3 74. Kh5 f4 75. Kh4 Rg8 76. Ra3+ Ke4 77. Ra4+ 1/2-1/2

[Event "POL-ch U20 Girls"]
[Site "Brzeg Dolny"]
[Date "2001.02.08"]
[Round "2"]
[White "Zawadzka, Jolanta"]
[Black "Reszka, Malgorzata"]
[Result "0-1"]
[WhiteElo "2028"]
[BlackElo "2093"]
[PlyCount "74"]
[EventDate "2001.02.07"]
[EventType "tourn"]
[EventRounds "11"]
[EventCountry "POL"]
[SourceTitle "CBM 082"]
[Source "ChessBase"]
[SourceDate "2001.05.17"]
[SourceVersion "1"]
[SourceVersionDate "2001.05.17"]
[SourceQuality "1"]

1. e4 e5 2. Nf3 Nc6 3. d4 exd4 4. Nxd4 Qh4 5. Be3 Qxe4 6. Nb5 Qe5 7. Nd2 d5 8. Nf3 Qe7 9. Qxd5 Be6 10. Qe4 Nf6 11. Qa4 Nd5 12. 0-0-0 Qb4 13. Qxb4 Ncxb4 14. a3 a6 15. Nbd4 Nxe3 16. fxe3 Nd5 17. Nxe6 fxe6 18. e4 Ne3 19. Rd3 Ng4 20. Rc3 0-0-0 21. Bc4 Nf2 22. Bxe6+ Kb8 23. Re1 Re8 24. Ng5 Be7 25. Nf7 Bf6 26. Rf3 Rhf8 27. Bd5 c6 28. Rxf2 cxd5 29. Nd6 Rd8 30. Rf5 Rxd6 31. e5 Re6 32. Ref1 Bg5+ 33. Kd1 Rxf5 34. Rxf5 Bd8 35. Rf7 Re7 36. Rf8 Kc7 37. Kd2 Rxe5 0-1

[Event "POL-ch U18 Girls"]
[Site "Zakopane"]
[Date "2001.01.21"]
[Round "6"]
[White "Kucypera, Malgorzata"]
[Black "Reszka, Malgorzata"]
[Result "0-1"]
[WhiteElo "2055"]
[BlackElo "2093"]
[PlyCount "121"]
[EventDate "2001.01.16"]
[EventType "swiss"]
[EventRounds "11"]
[EventCountry "POL"]
[SourceTitle "EXT 2002"]
[Source "ChessBase"]
[SourceDate "2001.11.25"]
[SourceVersion "1"]
[SourceVersionDate "2001.11.25"]
[SourceQuality "1"]

1. e4 e5 2. Nf3 Nc6 3. Bc4 Nf6 4. d4 Nxe4 5. dxe5 Qe7 6. 0-0 h6 7. Re1 Nc5 8. Nc3 Ne6 9. Qe2 a6 10. a4 b6 11. b3 Bb7 12. Ba3 Ncd4 13. Nxd4 Nxd4 14. Qh5 g6 15. Qg4 Qg5 16. Qxg5 hxg5 17. Bxf8 Kxf8 18. Rad1 Rh4 19. Bd5 Bxd5 20. Nxd5 Nxc2 21. Re2 Nd4 22. Re3 Ne6 23. Nf6 Rd8 24. Rxd7 Rxd7 25. Nxd7+ Ke7 26. Nf6 Rd4 27. h3 Nc5 28. Nh7 g4 29. Nf6 gxh3 30. Rxh3 Rd1+ 31. Kh2 Ke6 32. Ne8 Rd7 33. f4 Kf5 34. Rf3 a5 35. g3 Kg4 36. Rc3 Rd2+ 37. Kg1 Ne4 38. Nf6+ Nxf6 39. exf6 c5 40. Re3 Kf5 41. Kf1 Kxf6 42. Ke1 Rb2 43. Rd3 Kf5 44. Rd5+ Kg4 45. Rd3 Kf5 46. Re3 f6 47. Kf1 Rd2 48. Ke1 Rd4 49. Rc3 Ke4 50. Ke2 Kd5 51. Ke3 c4 52. bxc4+ Rxc4 53. Rb3 Rb4 54. Rd3+ Kc5 55. Rd8 Rxa4 56. Rc8+ Kd5 57. Rg8 Ra3+ 58. Kf2 b5 59. Rxg6 f5 60. Rf6 Ke4 61. Re6+ 0-1

[Event "POL-ch sf (Women)"]
[Site "Polanczyk"]
[Date "2000.11.12"]
[Round "9"]
[White "Lukasiewicz, Anna"]
[Black "Reszka, Malgorzata"]
[Result "1/2-1/2"]
[WhiteElo "2170"]
[BlackElo "2100"]
[PlyCount "28"]
[EventDate "2000.11.04"]
[EventType "swiss"]
[EventRounds "9"]
[EventCountry "POL"]
[SourceTitle "CBM 079 Extra"]
[Source "ChessBase"]
[SourceDate "2001.01.11"]
[SourceVersion "2"]
[SourceVersionDate "2001.01.25"]
[SourceQuality "1"]

1. e4 c6 2. d4 d5 3. exd5 cxd5 4. Bd3 Nc6 5. c3 Nf6 6. Bf4 Bg4 7. Qb3 Qc8 8. Nd2 e6 9. Ngf3 Bxf3 10. Nxf3 Be7 11. 0-0 0-0 12. Qd1 Qd8 13. Re1 Rc8 14. Ne5 g6 1/2-1/2

[Event "POL-chT U19 31st"]
[Site "Wisla"]
[Date "2000.07.20"]
[Round "2.5"]
[White "Reszka, Malgorzata"]
[Black "Socha, Anna"]
[Result "0-1"]
[WhiteElo "2113"]
[BlackElo "2097"]
[PlyCount "80"]
[EventDate "2000.07.19"]
[EventType "team-tourn"]
[EventRounds "11"]
[EventCountry "POL"]
[SourceTitle "EXT 2005"]
[Source "ChessBase"]
[SourceDate "2004.11.15"]
[SourceVersion "1"]
[SourceVersionDate "2004.11.15"]
[SourceQuality "1"]
[WhiteTeam "Warszawa Polonia TOP GAN U19"]
[BlackTeam "Legnica Miedz U19"]
[WhiteTeamCountry "POL"]
[BlackTeamCountry "POL"]

1. e4 c5 2. Nf3 Nc6 3. d4 cxd4 4. Nxd4 Qc7 5. Nc3 e6 6. Be2 a6 7. Be3 Nf6 8. 0-0 Bb4 9. f3 b5 10. a4 Bxc3 11. bxc3 bxa4 12. c4 0-0 13. Rxa4 Bb7 14. Qa1 Ne5 15. Nb3 Nc6 16. Na5 Nxa5 17. Rxa5 d6 18. Rb1 Nd7 19. Bd3 Rfb8 20. Rh5 e5 21. Rf1 a5 22. f4 Nf6 23. Rh4 Bc8 24. fxe5 dxe5 25. Qd1 a4 26. g4 a3 27. g5 Ng4 28. Bd2 a2 29. Qa1 Qc5+ 30. Kg2 Qd4 31. Bc3 Ne3+ 32. Kh1 Qb6 33. Rc1 Qb1 34. Bxe5 Qxc1+ 35. Qxc1 Rb1 36. Bb2 Rxc1+ 37. Bxc1 a1Q 38. Kg1 Qxc1+ 39. Kf2 Qd2+ 40. Kf3 Nxc2 0-1

[Event "POL-ch U18 Girls"]
[Site "Wisla"]
[Date "2000.??.??"]
[Round "3"]
[White "Jurkiewicz, Katarzyna"]
[Black "Reszka, Malgorzata"]
[Result "0-1"]
[WhiteElo "2170"]
[BlackElo "2091"]
[PlyCount "50"]
[EventDate "2000.02.26"]
[EventType "swiss"]
[EventRounds "10"]
[EventCountry "POL"]
[SourceTitle "EXT 2005"]
[Source "ChessBase"]
[SourceDate "2004.11.15"]
[SourceVersion "1"]
[SourceVersionDate "2004.11.15"]
[SourceQuality "1"]

1. e4 e5 2. d4 exd4 3. Qxd4 Nc6 4. Qe3 b6 5. Bd2 Bb7 6. Nc3 g6 7. Nd5 Bc5 8. Qg3 Bd6 9. Bf4 Bxf4 10. Qxf4 d6 11. Qe3 Nce7 12. Qc3 Nxd5 13. Bb5+ Kf8 14. exd5 Qf6 15. Qxf6 Nxf6 16. c4 a6 17. Bc6 Bxc6 18. dxc6 Re8+ 19. Kf1 Kg7 20. h3 Re5 21. b4 Re4 22. Rc1 b5 23. cxb5 axb5 24. a3 Ra8 25. Rc3 Rc4 0-1

[Event "POL-ch U20 Girls"]
[Site "Trzebinia"]
[Date "2000.??.??"]
[Round "?"]
[White "Reszka, Malgorzata"]
[Black "Kucypera, Malgorzata"]
[Result "1-0"]
[WhiteElo "2091"]
[BlackElo "2131"]
[PlyCount "78"]
[EventDate "2000.04.??"]
[EventType "tourn"]
[EventRounds "11"]
[EventCountry "POL"]
[SourceTitle "EXT 2005"]
[Source "ChessBase"]
[SourceDate "2004.11.15"]
[SourceVersion "1"]
[SourceVersionDate "2004.11.15"]
[SourceQuality "1"]

1. e4 c5 2. Nf3 d6 3. d4 cxd4 4. Nxd4 Nf6 5. Nc3 a6 6. f4 e5 7. Nf3 Nbd7 8. a4 Be7 9. Bc4 0-0 10. 0-0 Qb6+ 11. Kh1 exf4 12. Bxf4 Qxb2 13. Qe1 Qb4 14. Bd3 Re8 15. Be3 Nc5 16. Bd4 Qb6 17. Nd5 Qd8 18. Qg3 Nh5 19. Qf2 Be6 20. Nxe7+ Qxe7 21. Nh4 Nd7 22. Nf5 Bxf5 23. Qxf5 Nhf6 24. Rf3 Qe6 25. Qg5 h6 26. Qg3 Qg4 27. Qf2 Ne5 28. Rf4 Qe6 29. Rf1 Rac8 30. Rf5 Kh8 31. Bxe5 dxe5 32. Qh4 Nh7 33. Rxf7 Rf8 34. Qh5 Rxf7 35. Qxf7 Qc6 36. Qh5 Nf6 37. Qxe5 Qxa4 38. Qf5 Rf8 39. e5 Nh7 1-0

[Event "POL-ch U18 Girls"]
[Site "Wisla"]
[Date "2000.??.??"]
[Round "6"]
[White "Samborska, Marta"]
[Black "Reszka, Malgorzata"]
[Result "1/2-1/2"]
[WhiteElo "2049"]
[BlackElo "2091"]
[PlyCount "49"]
[EventDate "2000.02.26"]
[EventType "swiss"]
[EventRounds "10"]
[EventCountry "POL"]
[SourceTitle "EXT 2005"]
[Source "ChessBase"]
[SourceDate "2004.11.15"]
[SourceVersion "1"]
[SourceVersionDate "2004.11.15"]
[SourceQuality "1"]

1. e4 c5 2. Nf3 d6 3. d4 cxd4 4. Nxd4 Nf6 5. Nc3 g6 6. Be3 Bg7 7. f3 0-0 8. Bc4 Nc6 9. Qd2 Nd7 10. 0-0-0 Nde5 11. Bb3 Na5 12. Qe2 Bd7 13. h4 Nxb3+ 14. Nxb3 Rc8 15. Bd4 a5 16. a3 b5 17. Nd5 a4 18. Nd2 Be6 19. Nb4 Qc7 20. f4 Nc6 21. Nxc6 Qxc6 22. Nf3 Bb3 23. Rd2 Qc4 24. Qxc4 Bxc4 25. Bxg7 1/2-1/2

[Event "POL-ch U20 Girls"]
[Site "Trzebinia"]
[Date "2000.??.??"]
[Round "?"]
[White "Szymanska, Maria"]
[Black "Reszka, Malgorzata"]
[Result "1-0"]
[WhiteElo "2073"]
[BlackElo "2091"]
[PlyCount "109"]
[EventDate "2000.04.??"]
[EventType "tourn"]
[EventRounds "11"]
[EventCountry "POL"]
[SourceTitle "EXT 2005"]
[Source "ChessBase"]
[SourceDate "2004.11.15"]
[SourceVersion "1"]
[SourceVersionDate "2004.11.15"]
[SourceQuality "1"]

1. d4 Nf6 2. c4 c5 3. d5 b5 4. Qc2 bxc4 5. e4 d6 6. Bxc4 g6 7. Nf3 Bg7 8. 0-0 0-0 9. h3 Nbd7 10. a4 Nb6 11. Be2 a5 12. Nc3 Nfd7 13. Rd1 Nb8 14. Bf4 Na6 15. e5 Nb4 16. Qc1 Re8 17. Bb5 Bd7 18. exd6 Bxb5 19. dxe7 Qxe7 20. d6 Qb7 21. axb5 N6d5 22. Bg3 Nxc3 23. bxc3 Nd5 24. Ra3 Re4 25. Qc2 Nb6 26. Ng5 Ree8 27. Qd3 h6 28. Nf3 c4 29. Qc2 Nd7 30. Nd4 Be5 31. Bxe5 Nxe5 32. Qa2 Red8 33. Rxa5 Rxa5 34. Qxa5 Rxd6 35. Ra1 Kg7 36. Qa8 Qe7 37. Qb8 Rd8 38. Qb6 Rd6 39. Qc5 Qf6 40. Rf1 h5 41. f4 Nd7 42. Qxc4 Nb6 43. Qd3 Nd5 44. f5 g5 45. Rd1 Nf4 46. Qe4 Rd5 47. g3 Re5 48. Qc6 Nd5 49. Qxf6+ Kxf6 50. Nc6 Rxf5 51. g4 hxg4 52. hxg4 Re5 53. Nxe5 Kxe5 54. Rxd5+ Kxd5 55. c4+ 1-0

[Event "Wisla Hugart op (Women)"]
[Site "Warsaw"]
[Date "1999.??.??"]
[Round "1"]
[White "Ioseliani, Nana"]
[Black "Reszka, Malgorzata"]
[Result "1-0"]
[WhiteElo "2490"]
[BlackElo "2095"]
[PlyCount "67"]
[EventDate "1999.??.??"]
[EventType "swiss"]
[EventRounds "10"]
[EventCountry "POL"]
[SourceTitle "EXT 2000"]
[Source "ChessBase"]
[SourceDate "1999.11.16"]
[SourceVersion "1"]
[SourceVersionDate "1999.11.16"]
[SourceQuality "1"]

1. Nf3 Nf6 2. c4 g6 3. g3 Bg7 4. Bg2 0-0 5. 0-0 c5 6. d4 Nc6 7. d5 Nb8 8. Nc3 d6 9. h3 a6 10. a4 Nbd7 11. e4 Ne8 12. Bg5 Nc7 13. Qd2 Rb8 14. a5 b5 15. axb6 Rxb6 16. Ra3 Rb4 17. b3 f5 18. Re1 fxe4 19. Nxe4 Nf6 20. Nc3 Re8 21. Na2 Rb7 22. b4 cxb4 23. Nxb4 Bd7 24. Nd4 Na8 25. Nbc6 Bxc6 26. dxc6 Rb6 27. Ne6 Qc8 28. Nxg7 Kxg7 29. Rae3 Qc7 30. Bxf6+ Kxf6 31. Re6+ Kf7 32. Bd5 Kg7 33. Qd4+ Kh6 34. Qh4+ 1-0